000 00523nam a2200193Ia 4500
003 GCL
008 140319s9999 xx 000 0 ara d
040 _aGCL /
_cGCL
082 0 4 _a629.22
_bك م
100 1 _aكراوس, وليم
245 1 0 _aميكانيكا السيارات /
_cكراوس, وليم
700 1 _aاحمد عباس الشربينى
300 _a932 ص
490 _a
650 0 4 _aالسيارات
650 0 4 _aهندسة السيارات
650 0 4 _aالميكانيكا
942 _2ddc
_cBK
999 _c38592
_d38592